Possible Expiration of the 2002 Farm Bill.

Considers consequences for commodity support, conservation, nutrition, trade and foreign food aid, and rural development programs of Congress not having enacted a new farm bill before May 16, 2008, which is the extended expiration date of P.L. 107-171, the Farm Security and Rural Investment Act (200...

Full description

Bibliographic Details
Corporate Authors: Library of Congress. Congressional Research Service, ProQuest (Firm)
Format: eBook
Language:English
Published: [Place of publication not identified] : [publisher not identified], 2008.
Series:U.S. Congressional Research.
Subjects:
Online Access:Connect to the full text of this electronic book

MARC

Tag First Indicator Second Indicator Subfields
LEADER 00000cam a22000001a 4500
001 in00003407821
006 m d f
007 cr bn mmmapmmp
008 101221s2008 dcu o f000 0 eng d
005 20260430170012.4
035 |a cis2007867496 
040 |a ProQuest  |c ProQuest  |d UtOrBLW 
043 |a n-us--- 
099 |a CRS-2008-RSI-0496 
110 2 |a Library of Congress.  |b Congressional Research Service. 
245 1 0 |a Possible Expiration of the 2002 Farm Bill. 
264 1 |a [Place of publication not identified] :  |b [publisher not identified],  |c 2008. 
300 |a 1 online resource. 
336 |a text  |b txt  |2 rdacontent 
337 |a computer  |b c  |2 rdamedia 
338 |a online resource  |b cr  |2 rdacarrier 
500 |a Record is based on bibliographic data in ProQuest U.S. Congressional Research Digital Collection (last viewed Dec. 2010). Reuse except for individual research requires license from ProQuest, LLC. 
500 |a CRS Report. 
520 |a Considers consequences for commodity support, conservation, nutrition, trade and foreign food aid, and rural development programs of Congress not having enacted a new farm bill before May 16, 2008, which is the extended expiration date of P.L. 107-171, the Farm Security and Rural Investment Act (2002 farm bill). Includes chronology of farm bill legislative histories. 
500 |a Electronic resource. 
650 0 |a Nutrition. 
650 0 |a Rural development. 
650 0 |a Legislative histories. 
655 7 |a Electronic books.  |2 local 
710 2 |a ProQuest (Firm) 
776 0 8 |i Microfiche version:   |a Library of Congress. Congressional Research Service.  |t Possible Expiration of the 2002 Farm Bill 
830 0 |a U.S. Congressional Research. 
856 4 0 |u http://proxy.library.tamu.edu/login?url=https://congressional.proquest.com/congcomp/getdoc?CRDC-ID=CRS-2008-RSI-0496  |z Connect to the full text of this electronic book  |t 0 
999 |a MARS 
999 f f |s c1c5e7e0-8b6a-33de-99c0-1c5f0dbe84bb  |i 5d78bc25-fe81-3165-8772-0d93540861d6  |t 0 
952 f f |a Texas A&M University  |b College Station  |c Electronic Resources  |s www_evans  |d Available Online  |t 0  |e CRS-2008-RSI-0496  |h Other scheme 
998 f f |a CRS-2008-RSI-0496  |t 0  |l Available Online